Loading...
| Fine Arts - Classical Music | 9 | 17.78 | 89% | 67% | 22% |
| Fine Arts - Other Fine Arts | 8 | 15.00 | 75% | 50% | 25% |
| Fine Arts - Visual Fine Arts | 4 | 10.00 | 75% | 25% | 0% |
| Geography/Current Events | 2 | 30.00 | 100% | 100% | 100% |
| History - American History | 8 | 20.00 | 88% | 75% | 38% |
| History - European History | 7 | 22.86 | 100% | 100% | 29% |
| History - Other History | 5 | 16.00 | 100% | 40% | 20% |
| History - World History | 8 | 23.75 | 100% | 88% | 50% |
| Literature - American Literature | 8 | 16.25 | 88% | 50% | 25% |
| Literature - British Literature | 5 | 18.00 | 100% | 60% | 20% |
| Literature - European Literature | 5 | 14.00 | 100% | 20% | 20% |
| Literature - World/Other Literature | 7 | 14.29 | 86% | 43% | 14% |
| Mythology | 3 | 20.00 | 100% | 100% | 0% |
| Other Academic | 4 | 15.00 | 75% | 50% | 25% |
| Philosophy | 8 | 17.50 | 88% | 63% | 25% |
| Pop Culture | 1 | 20.00 | 100% | 100% | 0% |
| Religion | 5 | 16.00 | 100% | 60% | 0% |
| Science - Biology | 5 | 16.00 | 100% | 60% | 0% |
| Science - Chemistry | 6 | 11.67 | 83% | 33% | 0% |
| Science - Other Science | 7 | 18.57 | 100% | 57% | 29% |
| Science - Physics | 5 | 18.00 | 80% | 80% | 20% |
| Social Science | 4 | 12.50 | 100% | 0% | 25% |